Segunda parte de la historia y grandezas de la ciudad de Sevilla ... / (Record no. 153965)
[ view plain ]
| 000 -LEADER | |
|---|---|
| campo de control de longitud fija | 01053nam a2200229 i 4500 |
| 001 - NÚMERO DE CONTROL | |
| campo de control | 153965 |
| 003 - IDENTIFICADOR DE NÚMERO DE CONTROL | |
| campo de control | ES-MaACL |
| 005 - FECHA Y HORA DE LA ÚLTIMA TRANSACCIÓN | |
| campo de control | 20240215145839.0 |
| 008 - DATOS DE LONGITUD FIJA--INFORMACIÓN GENERAL | |
| campo de control de longitud fija | 950206s1630 sp |||| | spa d |
| 040 ## - FUENTE DE CATALOGACIÓN | |
| Centro catalogador/agencia de origen | AN |
| Lengua de catalogación | spa |
| 100 1# - ENTRADA PRINCIPAL--NOMBRE DE PERSONA | |
| Nombre de persona | Espinosa de los Monteros, Pablo. |
| 9 (RLIN) | 47909 |
| 245 10 - MENCIÓN DEL TÍTULO | |
| Título | Segunda parte de la historia y grandezas de la ciudad de Sevilla ... / |
| Mención de responsabilidad, etc. | por el licenciado Don Pablo de Espinosa de los Monteros, presbytero. |
| 260 ## - PUBLICACIÓN, DISTRIBUCIÓN, ETC. | |
| Lugar de publicación, distribución, etc. | En Sevilla : |
| Nombre del editor, distribuidor, etc. | en la officina de Ivan de Cabrera ..., |
| Fecha de publicación, distribución, etc. | 1630. |
| 300 ## - DESCRIPCIÓN FÍSICA | |
| Extensión | [3], 138 h. ; |
| Dimensiones | Fol. |
| 597 ## - NOTA DE DESCRIPCIÓN FÍSICA | |
| NOTA DE DESCRIPCIÓN FÍSICA | Sign.: [parágrafo]3, A-C6, D8, E-Y6, Z4. |
| 597 ## - NOTA DE DESCRIPCIÓN FÍSICA | |
| NOTA DE DESCRIPCIÓN FÍSICA | Texto a dos columnas con apostillas marginales. |
| 597 ## - NOTA DE DESCRIPCIÓN FÍSICA | |
| NOTA DE DESCRIPCIÓN FÍSICA | Port. con esc. xil. |
| 651 #4 - PUNTO DE ACCESO ADICIONAL DE MATERIA--NOMBRE GEOGRÁFICO | |
| Nombre geográfico | Sevilla- |
| Subdivisión general | Historia- |
| -- | Obras anteriores a 1800. |
| 9 (RLIN) | 9390 |
| 852 ## - LOCALIZACIÓN | |
| Ubicación | ES-MaACL |
| Número de control de estantería | R-3403 |
| Signatura antigua | Olim: G-5776 |
| Partes que faltan | Falto de [1] h. de prelim. |
| Designación de la unidad física | Vol.2 |
| Encuadernación | Encuadernacion. holandesa |
| Nota libre | Cambio de signatura. Datos tomados del fichero topográfico R |
| -- | Cotejado con la relación de obras recuperadas |
| itemnumber | 159590 |
| 942 ## - ELEMENTOS DE ENTRADA SECUNDARIOS (KOHA) | |
| Fuente del sistema de clasificación o colocación | Clasificación decimal universal |
| Estatus retirado | Estado de pérdida | Estado de daño | No para préstamo | Colección | Biblioteca de origen | Biblioteca actual | Ubicación en estantería | Fecha de adquisición | Fuente de adquisición | Total de préstamos | Signatura topográfica completa | Código de barras | Visto por última vez | Precio de reemplazo | Tipo de ítem Koha |
|---|---|---|---|---|---|---|---|---|---|---|---|---|---|---|---|
| Libros del s. XVII | Biblioteca del Ateneo de Madrid | Biblioteca del Ateneo de Madrid | Depósito | 17/01/2008 | R-3403 | 1160975 | 23/02/2023 | 23/02/2023 | Libro impreso antiguo |
